| 000 | 01039nac a22003017a 4500 | ||
|---|---|---|---|
| 001 | BR8305076 | ||
| 003 | BR-BrBNA | ||
| 005 | 20240105115839.0 | ||
| 008 | 230509b bl.|||m| |||| 00| 0 por d | ||
| 040 |
_aBR-BrBNA _bpor _cBiblioteca Nacional de Agricultura |
||
| 072 | _aF00; H00 | ||
| 090 | _aF00 BR8305076 | ||
| 110 | 1 |
_aUniversidade de Passo Fundo, RS (Brasil). Faculdade de Agronomia _910503 |
|
| 245 | 1 | _aProducao cientifica da Faculdade de Agronomia da Universidade de Passo Fundo (1971 a 1983)[Rio Grande do Sul, Brasil] | |
| 260 | 3 |
_aPasso Fundo, RS (Brasil): _c1983. |
|
| 300 | _a187 p. | ||
| 490 |
_aBoletim de Pesquisa - Universidade de Passo Fundo. Faculdade de Agronomia (Brazil) _vno. 6 _xISSN 0102-0234 |
||
| 500 | _aSummary only | ||
| 650 | _aPRODUCAO VEGETAL | ||
| 650 | _aPRAGA DE PLANTA | ||
| 650 | _aDOENCA DE PLANTA | ||
| 650 | _aINSETICIDA | ||
| 650 | _aADUBACAO | ||
| 650 | _aVARIEDADE | ||
| 650 | _aRIO GRANDE DO SUL | ||
| 909 |
_a202312 _bLúcia Elande _c55 _dLúcia Elande |
||
| 942 |
_2AGRIS _n0 _cMS |
||
| 999 |
_c276686 _d276686 |
||